Boule de suif / (Record no. 101074)

MARC details
000 -LEADER
campo de control de longitud fija 00736nam a2200217 i 4500
001 - NÚMERO DE CONTROL
campo de control 101074
003 - IDENTIFICADOR DE NÚMERO DE CONTROL
campo de control ES-MaACL
005 - FECHA Y HORA DE LA ÚLTIMA TRANSACCIÓN
campo de control 20240516063037.0
007 - CAMPO FIJO DE DESCRIPCIÓN FÍSICA--INFORMACIÓN GENERAL
campo de control de longitud fija t|
008 - DATOS DE LONGITUD FIJA--INFORMACIÓN GENERAL
campo de control de longitud fija 051011q19001909fr ||||1| fre d
100 1# - ENTRADA PRINCIPAL--NOMBRE DE PERSONA
Nombre de persona Maupassant, Guy de,
Fechas asociadas al nombre 1850-1893
9 (RLIN) 79214
245 10 - MENCIÓN DEL TÍTULO
Título Boule de suif /
Mención de responsabilidad, etc. Guy de Maupassant; illustrations de Jeanniot; gravure sur bois par G. Lemoine.
260 ## - PUBLICACIÓN, DISTRIBUCIÓN, ETC.
Lugar de publicación, distribución, etc. Paris :
Nombre del editor, distribuidor, etc. Sociéte d'Editions Littèraires et Artistiques,
Fecha de publicación, distribución, etc. [190-?]
300 ## - DESCRIPCIÓN FÍSICA
Extensión 336 p., 6 h. ;
Dimensiones 18 cm.
490 1# - MENCIÓN DE SERIE
Mención de serie Oeuvres complètes illustrées
700 1# - ENTRADA AGREGADA--NOMBRE PERSONAL
Nombre de persona Jeanniot.
9 (RLIN) 66254
700 1# - ENTRADA AGREGADA--NOMBRE PERSONAL
Nombre de persona Lemoine, G.
9 (RLIN) 71483
830 0# - PUNTO DE ACCESO ADICIONAL DE SERIE-TÍTULO UNIFORME
Título uniforme Oeuvres complètes illustrées
9 (RLIN) 184588
852 ## - LOCALIZACIÓN
Ubicación ES-MaACL
Número de control de estantería G-14653
Holdings
Estatus retirado Estado de pérdida Estado de daño No para préstamo Colección Biblioteca de origen Biblioteca actual Ubicación en estantería Fecha de adquisición Fuente de adquisición Total de préstamos Signatura topográfica completa Código de barras Visto por última vez Precio de reemplazo Tipo de ítem Koha
        Libros del s. XIX Biblioteca del Ateneo de Madrid Biblioteca del Ateneo de Madrid Sala Pecera Planta 3 17/01/2008     G-14653 1105527 23/02/2023 23/02/2023 Libro impreso antiguo